000 00533nam a2200193Ia 4500
999 _c6143
_d6143
003 OSt
005 20200124143343.0
008 190216s9999||||xx |||||||||||||| ||und||
020 _a9788121918015
020 _a121918014
040 _coclc
082 _a658.42
_bKHA/E
100 _aKhanka, S S
_9798
245 0 _aEntrepreneurial Development /
_cS S Khanka
250 _a3rd ed.
260 _bS Chand & Compant Ltd,
_c2001.
_aNew Delhi:
300 _a405p
942 _cBK
_2ddc
_h658.42
_iKHA/E
_k658.42
_mKHA/E